000 00482nam a2200193Ia 4500
008 240510s9999 xx 000 0 und d
020 _a0008173662711
041 _aEng
082 _a005.117
082 _bD23
100 _aDEITSCH ,A. : CZARNECKI ,D.
245 0 _aJAVA INTERNATIONALIZATION
260 _bCULCUTTA : OREILLY
260 _c1998
300 _a432 p.
650 _aJAVA : OBJECT ORIENTED PROGRAMMING : PROGRAMMING LANGUAGES
942 _2ddc
942 _cLBK
999 _c27102
_d27102
945 _a1
_bMadushi Gamage
_c1
_dMadushi Gamage